000 004260000a22001570004500
050 4 _aCD 011
100 1 _aGómez, Jael
245 1 0 _aPerspectiva histórica y práctica de las misiones / Jael Gómez, Carlos Mendivelso
260 _aMedellín : [S.N]
650 1 4 _aMISIONES
001 13559
942 _cBK
999 _c42517
_d42517
336 _atexto
_btxt
_2rdacontent
337 _2rdamedia
_asin mediación
_bn
338 _2rdacarrier
_avolumen
_bnc